Chuyển đến nội dung
Inicio
Centros participantes
Catálogo
Servicios
Contacto
Đăng nhập
English
Deutsch
Español
Français
Italiano
日本語
Nederlands
Português
Português (Brasil)
中文(简体)
中文(繁體)
Türkçe
עברית
Gaeilge
Cymraeg
Ελληνικά
Català
Euskara
Русский
Čeština
Suomi
Svenska
polski
Dansk
slovenščina
اللغة العربية
বাংলা
Galego
Tiếng Việt
Hrvatski
हिंदी
Հայերէն
Українська
Sámegiella
Ngôn ngữ
Tất cả các trường
Tiêu đề
Tác giả
Chủ đề
Số hiệu
số ISBN/ISSN
Nhãn
Tìm kiếm
Nâng cao
La concertación social en Cost...
Trích dẫn điều này
Email này
In
Xuất bản ghi
Xuất tới RefWorks
Xuất tới EndNoteWeb
Xuất tới EndNote
Lưu vào danh sách
Liên kết dài hạn
Agregar primera valuación
La concertación social en Costa Rica
Đã lưu trong:
Chi tiết về thư mục
Tác giả chính:
Espinoza E, Juan Rafael
Định dạng:
Texto
Được phát hành:
San Salvador:
s.e.
Các nhãn:
Thêm thẻ
Không có thẻ, Là người đầu tiên thẻ bản ghi này!
Đang giữ
Miêu tả
Những bình luận
Những quyển sách tương tự
Chế độ xem nhân viên
MARC
LEADER
00000 a a2200000 04500
001
24737
003
040
090
|a
173300
100
|a
Espinoza E, Juan Rafael
245
|a
La concertación social en Costa Rica
260
|a
San Salvador:
|b
s.e.
300
|a
42 p.
999
|c
3365
|d
3365
Những quyển sách tương tự
Apuntes sobre la génesis del Partido Unidad Social Cristiana de Costa Rica
Bằng: Herrera Araya, Marvin
La Penca: reporte de una investigación /
Bằng: Honey, Martha
Causas, características y salidas a corto plazo de la crisis nacional de Panamá
Bằng: Villarreal Pinzón, Alonso
Neutralidad y democracia combativa
Bằng: Gutiérrez, Carlos José
Lecciones de Derecho Internacional Público
Bằng: Paz Barnica, Edgardo